header

Particle verbs and local domains (Record no. 1447)

MARC details
000 -LEADER
fixed length control field 01536nam a2200397Ia 4500
082 04 - DEWEY DECIMAL CLASSIFICATION NUMBER
Classification number 415
100 1# - MAIN ENTRY--AUTHOR NAME
Personal name Zeller, Jochen.
245 10 - TITLE STATEMENT
Title Particle verbs and local domains
260 ## - PUBLICATION, DISTRIBUTION, ETC. (IMPRINT)
Place of publication Amsterdam ;
-- Philadelphia :
Name of publisher J. Benjamins,
Year of publication c2001.
300 ## - PHYSICAL DESCRIPTION
Number of Pages xi, 323 p.
490 1# - SERIES STATEMENT
Series statement Linguistik aktuell =
-- Linguistics today,
650 #0 - SUBJECT ADDED ENTRY--TOPICAL TERM
Topical Term Grammar, Comparative and general
Topical Term Grammar, Comparative and general
Topical Term Grammar, Comparative and general
Topical Term Grammar, Comparative and general
Topical Term Semantics.
Topical Term German language
856 40 - ELECTRONIC LOCATION AND ACCESS
Uniform Resource Identifier http://site.ebrary.com/lib/rucke/Doc?id=5004941

No items available.

© 2026 Rongo University
Contact us: librarian | system librarian | Rongo university